|
|
|
|
| LEADER |
00000nam0a2200000 4500 |
| 001 |
342090 |
| 005 |
20231102005420.0 |
| 035 |
|
|
|a (RuTPU)RU\TPU\book\370610
|
| 090 |
|
|
|a 342090
|
| 100 |
|
|
|a 20181206d1980 km y0rusy50 ca
|
| 101 |
0 |
|
|a rus
|
| 102 |
|
|
|a RU
|
| 105 |
|
|
|a a z 011zb
|
| 200 |
1 |
|
|a 60 лет ленинского плана ГОЭЛРО
|f под ред. П. С. Непорожнего
|
| 210 |
|
|
|a Москва
|c Энергия
|d 1980
|
| 215 |
|
|
|a 408 с.
|c ил.
|
| 320 |
|
|
|a Библиография в ссылках
|
| 600 |
|
1 |
|a Ленин
|b В. И.
|c настоящая фамилия Ульянов
|c российский политический деятель
|f 1870-1924
|g Владимир Ильич
|2 stltpush
|3 (RuTPU)RU\TPU\pers\1074
|9 486
|
| 606 |
1 |
|
|a Электрификация СССР
|2 stltpush
|3 (RuTPU)RU\TPU\subj\26831
|9 50672
|
| 606 |
1 |
|
|a Электрификация
|2 stltpush
|3 (RuTPU)RU\TPU\subj\26830
|9 50671
|
| 610 |
1 |
|
|a Гоэлро
|
| 610 |
1 |
|
|a ленинская концепция
|
| 610 |
1 |
|
|a народное хозяйство
|
| 610 |
1 |
|
|a экономическое развитие
|
| 610 |
1 |
|
|a электроэнергетика
|
| 610 |
1 |
|
|a отрасли народного хозяйства
|
| 610 |
1 |
|
|a экономические районы
|
| 610 |
1 |
|
|a промышленность
|
| 610 |
1 |
|
|a история
|
| 675 |
|
|
|a 621.311.1
|v 3
|
| 686 |
|
|
|a У9(2)0-551.2
|v LBC/SL-A
|2 rubbk
|
| 702 |
|
1 |
|a Непорожний
|b П. С.
|4 340
|
| 801 |
|
1 |
|a RU
|b 63413507
|c 20181206
|
| 801 |
|
2 |
|a RU
|b 63413507
|c 20210412
|g RCR
|
| 942 |
|
|
|c BK
|